| 000 | 00378pam a2200145a 44500 | ||
|---|---|---|---|
| 008 | 230405s xxu||||| |||| 00| 0 eng d | ||
| 041 | _aENG | ||
| 100 | _aWORLD HEALTH ORGANIZATION | ||
| 245 | _aBASIC TESTS FOR DRUGS | ||
| 250 | _a1998 | ||
| 260 |
_aGENEVA _bWORLD HEALTH ORGANIZATION PUBLICATION GENEVA _c |
||
| 300 | _a91 | ||
| 650 | _aPHARMACEUTICAL CHEMISTRY | ||
| 906 | _a545 | ||
| 999 |
_c265984 _d265984 |
||